Gaming Quiz

Random Gaming or Board Games Quiz

Candyland Characters Quiz Stats

 Plays Quiz Updated Dec 18, 2019

Support Sporcle.
Go Orange.
Score 0/9 Timer 04:00
0 Plays Today
Character % Correct
Queen Frostine
62.8%
Princess Lolly
56.3%
Gramma Nutt
52.3%
Lord Licorice
47.8%
Plumpy
42.6%
Mr. Mint
41.3%
King Kandy
39.1%
Jolly
32.7%
Gloppy the Molasses Monster
32.1%

From the Vault

Game of Thrones 'Simpsonized'

by freddie3000

This is a fan-fiction just waiting to happen.
Remove Ads.
Support Sporcle.
Get the best of Sporcle when you Go Orange. This ad-free experience offers more features, more stats, and more fun while also helping to support Sporcle. Thank you for becoming a member.

Show Comments

Extras

Top Quizzes Today


Score Distribution

Your Account Isn't Verified!

In order to create a playlist on Sporcle, you need to verify the email address you used during registration. Go to your Sporcle Settings to finish the process.

Report this User

Report this user for behavior that violates our Community Guidelines.

Details: